Acerca de los sujetos obligados de la ley 27.275 de acceso a la información pública : (Registro nro. 6186)
[ vista simple ]
| 000 -LEADER | |
|---|---|
| fixed length control field | 01176nabaa22002297a 4500 |
| 003 - CONTROL NUMBER IDENTIFIER | |
| control field | OSt |
| 005 - DATE AND TIME OF LATEST TRANSACTION | |
| control field | 20260125004918.0 |
| 008 - FIXED-LENGTH DATA ELEMENTS--GENERAL INFORMATION | |
| fixed length control field | 190701b xxu||||| |||| 00| 0 spa d |
| 040 ## - CATALOGING SOURCE | |
| Transcribing agency | PJ |
| 100 ## - MAIN ENTRY--PERSONAL NAME | |
| 9 (RLIN) | 6927 |
| Personal name | Sundblad, Juan José |
| 245 10 - TITLE STATEMENT | |
| Title | Acerca de los sujetos obligados de la ley 27.275 de acceso a la información pública : |
| Remainder of title | ¿se limitan sus obligaciones a la entrega de la información? / |
| Statement of responsibility, etc | Juan José Sundblad. |
| 300 ## - PHYSICAL DESCRIPTION | |
| Extent | p. 169 |
| 500 ## - GENERAL NOTE | |
| General note | Cita: TR LALEY AR/DOC/1645/2024 |
| 505 ## - FORMATTED CONTENTS NOTE | |
| Formatted contents note | Sumario: I. Introducción.— II. Antecedentes fácticos.— III. Análisis de la cuestión.— IV. Conclusión. |
| 505 ## - FORMATTED CONTENTS NOTE | |
| Formatted contents note | Fallo comentado: CNFed. Contenciosoadministrativo ~ sala V, 24/10/2023 ~ Rodríguez, Gonzalo Martín c. INDEC (ley 17.622) s/ amparo ley 16.986. |
| 505 ## - FORMATTED CONTENTS NOTE | |
| Title | ¿Te interesa el texto completo? Comunicate al correo: koha@justierradelfuego.gov.ar |
| 650 #0 - SUBJECT ADDED ENTRY--TOPICAL TERM | |
| 9 (RLIN) | 211 |
| Topical term or geographic name as entry element | DERECHO ADMINISTRATIVO |
| 650 #0 - SUBJECT ADDED ENTRY--TOPICAL TERM | |
| Topical term or geographic name as entry element | ACCESO A LA INFORMACIÓN PÚBLICA |
| 9 (RLIN) | 5529 |
| 650 #0 - SUBJECT ADDED ENTRY--TOPICAL TERM | |
| Topical term or geographic name as entry element | JURISPRUDENCIA APLICABLE |
| 9 (RLIN) | 1057 |
| 773 0# - HOST ITEM ENTRY | |
| Host Biblionumber | 2842 |
| Host Itemnumber | 3251 |
| Place, publisher, and date of publication | Buenos Aires : AbeledoPerrot, 2012- |
| Other item identifier | DA121 |
| Title | Derecho administrativo. Nº 154 julio/agosto 2024 |
| International Standard Book Number | 18510590 |
| 942 ## - ADDED ENTRY ELEMENTS (KOHA) | |
| Source of classification or shelving scheme | |
| Koha item type | Analítica Artículo de Revista |
No hay ítems disponibles.
